[Event "BAN-chT"]
[Site "Dhaka"]
[Date "2016.11.27"]
[Round "5.1"]
[White "Md Abzid, Rahman"]
[Black "Karim, M Shahin"]
[Result "1-0"]
[WhiteElo "2035"]
[BlackElo "1935"]
[PlyCount "69"]
[EventDate "2016.11.23"]
[EventType "team-tourn"]
[EventRounds "9"]
[EventCountry "BAN"]
[SourceTitle "EXT 2018"]
[Source "ChessBase"]
[SourceDate "2017.10.13"]
[SourceVersion "1"]
[SourceVersionDate "2017.10.13"]
[SourceQuality "1"]
[WhiteTeam "Sheikh Russel"]
[BlackTeam "Mir CC"]
[WhiteTeamCountry "BAN"]
[BlackTeamCountry "BAN"]

1. d4 e6 2. c4 f5 3. Nf3 Nf6 4. Nc3 Bb4 5. Qb3 Nc6 6. Bg5 0-0 7. e3 Bxc3+ 8. bxc3 Ne7 9. Bd3 d6 10. Rd1 Qe8 11. Qa3 b6 12. 0-0 Bb7 13. Be2 Ne4 14. Bxe7 Qxe7 15. d5 e5 16. Nd2 Nc5 17. Qc1 Rf6 18. Nb3 Nd7 19. a4 a5 20. e4 f4 21. Bg4 Nf8 22. Rd3 Ba6 23. Nd2 Rh6 24. Rh3 Rxh3 25. Bxh3 Bc8 26. Bxc8 Rxc8 27. Qd1 Ng6 28. Nf3 Rf8 29. Qb3 Nh4 30. Nxh4 Qxh4 31. f3 g5 32. c5 bxc5 33. Qb5 g4 34. fxg4 f3 35. gxf3 1-0

[Event "BAN-chT"]
[Site "Dhaka"]
[Date "2016.11.23"]
[Round "1.1"]
[White "Islam, Obaidul Shahin"]
[Black "Karim, M Shahin"]
[Result "0-1"]
[WhiteElo "2020"]
[BlackElo "1935"]
[PlyCount "110"]
[EventDate "2016.11.23"]
[EventType "team-tourn"]
[EventRounds "9"]
[EventCountry "BAN"]
[SourceTitle "EXT 2018"]
[Source "ChessBase"]
[SourceDate "2017.10.13"]
[SourceVersion "1"]
[SourceVersionDate "2017.10.13"]
[SourceQuality "1"]
[WhiteTeam "Agrani Bank Daba Dal"]
[BlackTeam "Mir CC"]
[WhiteTeamCountry "BAN"]
[BlackTeamCountry "BAN"]

1. e4 e5 2. Nf3 Nc6 3. Bc4 Be7 4. d4 exd4 5. c3 d3 6. Qb3 Na5 7. Bxf7+ Kf8 8. Qa4 Kxf7 9. Qxa5 d6 10. 0-0 c5 11. Qb5 Bf6 12. Qxd3 g5 13. Rd1 g4 14. e5 gxf3 15. Qxf3 h5 16. Rxd6 Qe7 17. Bf4 Bg4 18. Qe3 Rd8 19. f3 Rxd6 20. exd6 Qxe3+ 21. Bxe3 Bf5 22. Bxc5 b6 23. Be3 Be5 24. Nd2 Bxd6 25. Nc4 Bb8 26. Bd4 Rh6 27. Re1 Re6 28. Ne5+ Bxe5 29. Rxe5 Ne7 30. Kf2 Rxe5 31. Bxe5 Be6 32. a3 a5 33. Ke3 a4 34. Kf4 Ng6+ 35. Ke4 Ba2 36. Bc7 Bb1+ 37. Kd5 b5 38. g3 Kf6 39. g4 hxg4 40. fxg4 Kg5 41. Kd4 Ba2 42. h3 Kh4 43. Ke4 Kxh3 44. g5 Kg4 45. Bd8 Bb1+ 46. Kd4 Nf4 47. Kc5 Bd3 48. Bf6 Kf5 49. Kb4 Bc4 50. Kc5 Nd3+ 51. Kd6 Nxb2 52. Ke7 Bb3 53. Kf8 Kg6 54. Ke8 Nc4 55. Be7 Nb6 0-1